| 000 | 00353nam a2200133Ia 4500 | ||
|---|---|---|---|
| 008 | 191014s9999 xx 000 0 und d | ||
| 020 | _a0-534-36252-4 | ||
| 082 |
_a158.7 _bMUC |
||
| 100 |
_aPaul M. Muchinsky _91795 |
||
| 245 | 0 | _aPsychology Applied to Work ( Sixth Edition) | |
| 260 |
_aAstralia _bWadsworth _c2000 |
||
| 300 | _aXxiv,551 | ||
| 942 | _cBK | ||
| 999 |
_c531149 _d531149 |
||